Statystyki dla Wszystkie smaki lipton Ice Tea.

Kliknij tutaj aby rozwiązać quiz!

Ogólne statystyki

  • Ten quiz został rozwiązany 280 razy
  • Średni wynik to 3 z 6

Statystyki odpowiedzi

Smak% Poprawnych
Peach
94%
Lemon
93%
Green Ice Tea Original
81%
Mango
23%
Matcha Ginger&Lemongrass
5%
Green Mint&Lime
0%

Rozkład punktacji

Percentyl według liczby udzielonych odpowiedzi

Procent ludzi z każdym wynikiem

Twoja historia wyników

Nie rozwiązałeś tego quizu